SFIT-2: A tool for validation of software under hardware faults /

Bibliographic Details
Main Author: Avresky, D. R. (Dimitri Ranguelov), 1944-
Other Authors: Tapadiya, Pradeep K. (Pradeep Kumar), 1964-
Format: Book
Language:English
Published: College Station, Tex. : Dept. of Computer Science, Texas A & M University, 1994.
Series:Technical report (Texas A & M University. Computer Science Department) ; TAMU 94-002.
Subjects:

MARC

Tag First Indicator Second Indicator Subfields
LEADER 00000cam a2200000 a 4500
001 in00001402441
005 20151020055356.0
008 980212s1994 txu 000 0 eng d
035 |a (OCoLC)38425020 
035 |9 AHN4312AM 
040 |a TXA  |c TXA  |d UtOrBLW 
049 |a TXAM 
090 |a QA76  |b .C656 94-002 
100 1 |a Avresky, D. R.  |q (Dimitri Ranguelov),  |d 1944- 
245 1 0 |a SFIT-2: A tool for validation of software under hardware faults /  |c D.R. Avresky, Pradeep K. Tapadiya. 
264 1 |a College Station, Tex. :  |b Dept. of Computer Science, Texas A & M University,  |c 1994. 
300 |a 23 leaves :  |b illustrations ;  |c 28 cm. 
336 |a text  |b txt  |2 rdacontent 
337 |a unmediated  |b n  |2 rdamedia 
338 |a volume  |b nc  |2 rdacarrier 
490 1 |a Technical report. Texas A & M University. Computer Science Dept. ;  |v TAMU 94-002 
504 |a Includes bibliographical references. 
650 0 |a Software engineering. 
650 0 |a Fault-tolerant computing. 
700 1 |a Tapadiya, Pradeep K.  |q (Pradeep Kumar),  |d 1964- 
830 0 |a Technical report (Texas A & M University. Computer Science Department) ;  |v TAMU 94-002. 
999 |a MARS 
999 f f |s 2bb7ce55-3556-33a3-b0d0-af3e2e4b5f1a  |i 393adcfe-0767-34cd-92d4-8614a0cfbf5f  |t 0 
952 f f |p noncirc  |a Texas A&M University  |b College Station  |c Cushing Memorial Library & Archives  |d Cushing: Texas A&M (Does not check out)  |t 0  |e QA76 .C656 94-002  |h Library of Congress classification  |i unmediated -- volume 
998 f f |a QA76 .C656 94-002  |t 0  |l Cushing: Texas A&M (Does not check out)